01132naa#a2200181#i#4500001001600000005001700016011001400033100004100047102000700088200013700095210020500232215001000437608004500447675032200492700005200814700005400866856003000920RU\\bibl\12344220260706005306.1##a1994-4683##a20230731b2023####ek#y0rusy0150####ca##aRU1#aПСИХОЛОГО-ПЕДАГОГИЧЕСКАЯ ПОДГОТОВКА БАСКЕТБОЛИСТОВeЖурнальная статья1#aМоскваcНациональный государственный Университет физической культуры, спорта и здоровья им. П.Ф. Лесгафтаd2023##a4 с.##aЖурнальная статья2local##aПсихологические типы. Индивидуальная психология. Психология личности. Индивидуальность. Личность.Психология характера. Характерология. Идеосинкрозия. Типы личностей. 159.923#1aВитунgЕлена Владимировна#1aВитунgВладимир Гаврилович4#auchzapiski.lesgaft.spb.ru